Etiqueta de registo: 00230nam 2200025 450
001 2162585
003 http://id.bnportugal.gov.pt/bib/catbnp/2162585
010 ## $a978-65-89151-03-6
021 ## $aPT$b528983/24
100 ## $a20240401d2024 m y0pory01030103ba
101 0# $apor
102 ## $aBR
105 ## $aa z 000yy
106 ## $ar
200 1# $aDoutrina do Espírito Santo$e a pessoa e a obra do Espírito Santo$fEstêvam Ângelo de Sousa$gsubsídios por Tiago Rosas
205 ## $a1ª ed
210 #9 $aCampinas$cEscola de Educação Teológica das Assembleias de Deus,$dD.L. 2024
215 ## $a216 p.$cil.$d24 cm
675 ## $a279-144(035)$vBN$zpor$31912965
700 #1 $aSousa,$bEstêvam Ângelo de$31912367
702 #1 $aRosas,$bTiago$4205$31912371
801 #0 $aPT$bBN$gRPC
856 41 $uhttp://rnod.bnportugal.gov.pt/ImagesBN/winlibimg.aspx?skey=&doc=2162585&img=192142&save=true
966 ## $lBN$mFGMON$sR. 32653 V.$x1
971 ## $ccsilva$d20240401
972 ## $e0$z0$d20240516$vmsebas
973 ## $cacosta$d20240409
Etiqueta de registo: 00254nam 2200025 450
001 2278262
003 http://id.bnportugal.gov.pt/bib/catbnp/2278262
010 ## $a978-65-89151-11-1
021 ## $aPT$b559870/26
100 ## $a20260309d2026 m y0pory01030103ba
101 0# $apor
102 ## $aPT
105 ## $ay z 000yy
106 ## $ar
200 1# $aDoutrina de Deus$e o eterno criador e sustentador de tudo$fRaimundo Ferreira de Oliveira$gsubsídios teológicos por Tiago Rosas
210 #9 $aCampinas$cEscola de EducaçãoTeológica das Assembleias de Deus,$dD.L. 2026
215 ## $a187, [5] p.$d30 cm
675 ## $a279-14(035)$vBN$zpor$31973963
700 #1 $aOliveira,$bRaimundo Ferreira de$31971118
702 #1 $aRosas,$bTiago$4205$31912371
801 #0 $aPT$bBN$gRPC
856 41 $uhttp://rnod.bnportugal.gov.pt/ImagesBN/winlibimg.aspx?skey=&doc=2278262&img=220620&save=true
900 ## $aBIBNAC$d20260402
966 ## $lBN$mFGMON$sR. 33430 V.$x1
971 ## $cabrito$d20260309
972 ## $e0$z0$d20260402$vasantos
973 ## $csteixeira$d20260323